[Event "Elekes mem"]
[Site "Budapest"]
[Date "1993.??.??"]
[Round "6"]
[White "Dinstuhl, Volkmar"]
[Black "Farago, Ivan"]
[Result "0-1"]
[WhiteElo "2360"]
[BlackElo "2510"]

1.d4 e6 2.c4 Nf6 3.Nc3 Bb4 4.Qc2 O-O 5.Bg5 h6 6.Bh4 c5 7.e3 cxd4 8.exd4 b6
9.Nf3 Bb7 10.Be2 d6 11.O-O Nbd7 12.a3 Bxc3 13.Qxc3 Rc8 14.b4 g5 15.Bg3 Ne4
16.Qe1 f5 17.h4 f4 18.Bd3 d5 19.Bh2 g4 20.Nd2 Qxh4 21.Bxe4 dxe4 22.Nxe4 Rf5
23.Bxf4 Rxf4 24.Nd6 Nf8 25.Nxb7 Qe7 26.Qe3 Rf7 27.d5 Qxb7 28.dxe6 Re7 29.Rae1 Rxe6
30.Qf4 Qg7 31.Rxe6 Nxe6 32.Qf5 Re8 33.Re1 Qg5 34.Qd3 Rd8 35.Qe4 Ng7 36.Qc6 g3
37.fxg3 Qxg3 38.Rf1 Qe3+ 39.Kh1 Rd4  0-1

[Event "Budapest FS06 GM"]
[Site "Budapest"]
[Date "1993.??.??"]
[Round "7"]
[White "Tseitlin, Mikhail S"]
[Black "Lukacs, Peter"]
[Result "1/2-1/2"]
[WhiteElo "2485"]
[BlackElo "2480"]

1.d4 Nf6 2.c4 e6 3.Nc3 Bb4 4.Qc2 O-O 5.a3 Bxc3+ 6.Qxc3 b6 7.Nf3 Bb7 8.g3 d5
9.Bg2 dxc4 10.Qxc4 Bd5 11.Qa4 Nbd7 12.O-O c5 13.Bf4 Re8 14.Be5 c4 15.Rad1 Qc8
16.Bxf6 Nxf6 17.Ne5 Bxg2 18.Kxg2 Qb7+ 19.Qc6  1/2-1/2

[Event "Budapest FS10 IM-A"]
[Site "Budapest"]
[Date "1993.??.??"]
[Round "9"]
[White "Kahn, Evarth"]
[Black "Kaunas, Kestutis"]
[Result "1-0"]
[WhiteElo "2390"]
[BlackElo "2350"]

1.d4 Nf6 2.c4 e6 3.Nc3 Bb4 4.Qc2 O-O 5.Bg5 d6 6.a3 Bxc3+ 7.Qxc3 Qe7 8.e3 e5
9.O-O-O Re8 10.Bd3 Nbd7 11.Ne2 Nf8 12.f3 c6 13.Qc2 h6 14.Bh4 d5 15.Nc3 dxc4
16.Bxc4 exd4 17.Ne4 g5 18.Rxd4 c5 19.Nxf6+ Qxf6 20.Rf4 Qxf4 21.exf4 gxh4
22.Qf2 Ng6 23.Re1 Bd7 24.Rxe8+ Rxe8 25.g3 b5 26.Bd3 f5 27.Kd2 c4 28.Qxa7 Nf8
29.Bc2 hxg3 30.hxg3 Re7 31.Bxf5 Rg7 32.Qc5 Bxf5 33.Qxf5 Rxg3 34.Qxb5 Kg7
35.Qxc4 h5 36.f5 Nh7 37.Qc7+  1-0

[Event "Budapest FS05 IM"]
[Site "Budapest"]
[Date "1993.??.??"]
[Round "10"]
[White "Kahn, Evarth"]
[Black "Eperjesi, Laszlo"]
[Result "0-1"]
[WhiteElo "2360"]
[BlackElo "2355"]

1.d4 Nf6 2.c4 e6 3.Nc3 Bb4 4.Qc2 O-O 5.Bg5 h6 6.Bh4 d6 7.a3 Bxc3+ 8.Qxc3 Nbd7
9.Nf3 b6 10.e3 Bb7 11.Bd3 Qe8 12.O-O-O Ne4 13.Qc2 f5 14.Nd2 Nxd2 15.Qxd2 Bxg2
16.Rhg1 Bf3 17.Rde1 Qh5 18.Bg3 e5 19.dxe5 dxe5 20.Be4 Bxe4 21.Qxd7 Qe8 22.Qd2 Rd8
23.Qc3 Rd3 24.Qxe5 Qa4 25.Qe6+ Kh7 26.Re2 Rf6 27.Qe7 Qxc4+ 28.Rc2 Rd1+  0-1

[Event "Budapest FS12 IM-A"]
[Site "Budapest"]
[Date "1993.??.??"]
[Round "11"]
[White "Chachere, Lawrence"]
[Black "Eperjesi, Laszlo"]
[Result "1/2-1/2"]
[WhiteElo "2250"]
[BlackElo "2315"]

1.d4 Nf6 2.c4 e6 3.Nc3 Bb4 4.Qc2 O-O 5.Nf3 d6 6.a3 Bxc3+ 7.Qxc3 Nbd7 8.g3 b6
9.Bg2 Bb7 10.O-O Qe7  1/2-1/2

[Event "Buenos Aires op1"]
[Site "Buenos Aires"]
[Date "1993.??.??"]
[Round "3"]
[White "Fiorito, Fabian"]
[Black "Ginzburg, Maximiliano"]
[Result "1-0"]
[WhiteElo "2425"]
[BlackElo "2275"]

1.d4 Nf6 2.c4 e6 3.Nc3 Bb4 4.Qc2 O-O 5.a3 Bxc3+ 6.Qxc3 d6 7.Nf3 b6 8.g3 Bb7
9.Bg2 Nbd7 10.O-O Qe7 11.b4 a5 12.Bb2 axb4 13.axb4 b5 14.cxb5 Nb6 15.Ra5 Qd7
16.Ne5 Qc8 17.Nc6 Nfd5 18.Qb3 Qe8 19.e4 Ne7 20.d5 e5 21.Rfa1 f5 22.Ra7 Bxc6
23.bxc6 Qb8 24.Rxa8 Nxa8 25.Bxe5 fxe4 26.Bxe4 Qb6 27.Rf1 Nf5 28.Bb2 Nh6 29.Qd3  1-0

[Event "Buenos Aires PRO op"]
[Site "Buenos Aires"]
[Date "1993.??.??"]
[Round "3"]
[White "Llanos, Guillermo"]
[Black "Cid, Marino Alejandro"]
[Result "1-0"]
[WhiteElo "2405"]
[BlackElo "2410"]

1.d4 Nf6 2.c4 e6 3.Nc3 Bb4 4.Qc2 O-O 5.a3 Bxc3+ 6.Qxc3 b6 7.Nf3 Bb7 8.e3 d6
9.b4 Nbd7 10.Bb2 Ne4 11.Qc2 Qe7 12.Bd3 f5 13.O-O c5 14.dxc5 bxc5 15.b5 e5
16.Ne1 g6 17.f3 Nef6 18.Be2 h5 19.Qd2 Rfd8 20.a4 d5 21.cxd5 Bxd5 22.e4 Be6
23.exf5 Bxf5 24.Qg5 Re8 25.g4 hxg4 26.fxg4 Be4 27.Nf3 Nd5 28.Qxe7 Rxe7 29.Nd2 Nf4
30.Bc4+  1-0

[Event "Buenos Aires FMD op"]
[Site "Buenos Aires"]
[Date "1993.??.??"]
[Round "4"]
[White "Saldano, Horacio"]
[Black "Paglilla, Carlos"]
[Result "1-0"]
[WhiteElo "2300"]
[BlackElo "2335"]

1.d4 Nf6 2.c4 e6 3.Nc3 Bb4 4.Qc2 O-O 5.a3 Bxc3+ 6.Qxc3 b6 7.Bg5 h6 8.Bh4 Bb7
9.f3 d5 10.e3 Nbd7 11.cxd5 exd5 12.Bd3 Re8 13.Qd2 c5 14.Ne2 Ne4 15.Bxd8 Nxd2
16.Kxd2 Raxd8 17.Bb5 a6 18.Bxd7 Rxd7 19.dxc5 bxc5 20.b4 d4 21.exd4 cxd4 22.Rhe1 g5
23.Ng3 Red8 24.Rac1 Kg7 25.Ne4 Bxe4 26.Rxe4 a5 27.Rc4 axb4 28.axb4 d3 29.Re3 Rd6
30.Rc3 Rb6 31.Rb3 Ra6 32.Rb2 Ra3 33.b5 f5 34.b6 f4 35.Re4 Raa8 36.b7 Rab8
37.Re7+ Kf6 38.Rh7 Ke5 39.Rxh6 Rd7 40.Rhb6 g4 41.fxg4 Rh7 42.Kxd3 Rd7+ 43.Ke2  1-0

[Event "Buenos Aires Najdorf op"]
[Site "Buenos Aires"]
[Date "1993.??.??"]
[Round "4"]
[White "Rodriguez, Jorge Luis"]
[Black "Gomez Baillo, Jorge H"]
[Result "1/2-1/2"]
[WhiteElo "2365"]
[BlackElo "2395"]

1.d4 Nf6 2.c4 e6 3.Nc3 Bb4 4.Qc2 O-O 5.e3 b6 6.Nf3 c5 7.Be2 cxd4 8.Nxd4 Bb7
9.O-O d5 10.Rd1 Nbd7 11.cxd5 Nxd5 12.Nxd5 Bxd5 13.e4 Bb7 14.Nc6 Rc8 15.Nxd8 Rxc2
16.Nxb7 Rxe2 17.Kf1 Rxe4 18.f3 Re5 19.Rxd7 Re1+ 20.Kf2 Rc8 21.a3 Rc2+ 22.Bd2 Rxa1
23.axb4 h6 24.Kg3 Rd1 25.Rd8+ Kh7 26.Bc3 Rg1 27.Rd2 Rxd2 28.Bxd2 Rd1 29.Bf4 Rd7
30.Nd6 e5 31.Bxe5 f6 32.f4 Kg8 33.Kf3 Kf8 34.Ke4 fxe5 35.fxe5 Ke7 36.Nf5+ Kf7
37.Nd4 Rc7 38.Kd5 Rc1 39.Nb5 Rd1+ 40.Kc6 a5 41.Nd6+ Ke6 42.b5 Kxe5 43.Nc4+ Kd4
44.Nxb6 Rc1+ 45.Kb7 Kc5 46.Ka6 Kd6 47.Na4 Rc4 48.Kxa5 Kc7 49.b6+ Kb8 50.b4 Rc2
51.Nc5 Rxg2 52.Kb5 Rg5 53.h4 Rg6 54.Ka6 Rd6 55.Nb7 Rf6 56.Na5 g5 57.b5 Rf8
58.hxg5 hxg5 59.b7 Kc7 60.b6+ Kd6 61.Nc4+ Kd5 62.Ne3+ Kc5 63.Ng4 Rh8 64.Ka7 Kb5  1/2-1/2

[Event "Buenos Aires FMD tt"]
[Site "Buenos Aires"]
[Date "1993.??.??"]
[Round "6"]
[White "Quiroga, Facundo"]
[Black "Panno, Oscar"]
[Result "1/2-1/2"]
[WhiteElo "2340"]
[BlackElo "2505"]

1.d4 Nf6 2.c4 e6 3.Nc3 Bb4 4.Qc2 O-O 5.Nf3 c5 6.dxc5 Na6 7.g3 Nxc5 8.a3 Bxc3+
9.Qxc3 b6 10.Bg2 Bb7 11.b4 Nce4 12.Qd3 Rc8 13.Bf4 d5 14.cxd5 Bxd5 15.O-O Rc3
16.Qd4 Qa8 17.Nd2 Rfc8 18.Nxe4 Bxe4 19.f3 R3c4 20.Qf2 Bc2 21.Rfc1 Nd5 22.Bd2 Ba4
23.Rxc4 Rxc4 24.e4 Ne7 25.Bf1 Rc7 26.Rc1 Rxc1 27.Bxc1 Qd8 28.Bb2 Qd1 29.Qd4 f6
30.Qxd1 Bxd1 31.Kf2 Bb3 32.Ke3 Kf7  1/2-1/2

[Event "Buenos Aires Najdorf op"]
[Site "Buenos Aires"]
[Date "1993.??.??"]
[Round "6"]
[White "Llanos, Guillermo"]
[Black "Gomez Baillo, Jorge H"]
[Result "0-1"]
[WhiteElo "2340"]
[BlackElo "2395"]

1.d4 Nf6 2.c4 e6 3.Nc3 Bb4 4.Qc2 O-O 5.a3 Bxc3+ 6.Qxc3 b5 7.cxb5 c6 8.bxc6 Nxc6
9.Bg5 Bb7 10.Nf3 Rc8 11.Bxf6 gxf6 12.Nd2 e5 13.dxe5 fxe5 14.Qh3 f5 15.e3 Kh8
16.Bd3 Qf6 17.O-O Ne7 18.Rfd1 Rg8 19.Bf1 Rg6 20.e4 fxe4 21.Qe3 Nf5 22.Qxa7 Bc6
23.Rac1 Nd4 24.Nxe4 Qf4 25.Ng3 Rf8 26.Qc5 d6 27.Rxd4 Qxf2+ 28.Kh1 dxc5  0-1

[Event "Capablanca mem-A"]
[Site "?"]
[Date "1993.??.??"]
[Round "5"]
[White "Vera, Reynaldo"]
[Black "Nogueiras, Jesus"]
[Result "1/2-1/2"]
[WhiteElo "2515"]
[BlackElo "2570"]

1.d4 Nf6 2.c4 e6 3.Nc3 Bb4 4.Qc2 O-O 5.Nf3 c5 6.dxc5 Na6 7.g3 Nxc5 8.Bd2 b6
9.Bg2 Bb7 10.O-O Nce4 11.Nxe4 Bxe4 12.Qa4 Bxd2  1/2-1/2

[Event "Cappelle op"]
[Site "Cappelle la Grande"]
[Date "1993.??.??"]
[Round "1"]
[White "Klarenbeek, Mark"]
[Black "Petraki, Maria"]
[Result "1-0"]
[WhiteElo "2375"]
[BlackElo "2045"]

1.d4 e6 2.c4 Nf6 3.Nc3 Bb4 4.Qc2 O-O 5.Nf3 c5 6.a3 Bxc3+ 7.Qxc3 cxd4 8.Nxd4 d5
9.e3 Nc6 10.Nxc6 bxc6 11.Be2 a5 12.O-O Ne4 13.Qc2 e5 14.f3 Nd6 15.cxd5 cxd5
16.Bd2 Bf5 17.Qc5 Nc4 18.Bxc4 dxc4 19.Bc3 Bd3 20.Qxe5 f6 21.Qe6+ Kh8 22.Rfe1 Re8
23.Qg4 Rb8 24.a4 Qd5 25.Qd4 Qg5 26.e4 Red8 27.Qe3 Qxe3+ 28.Rxe3 Kg8 29.Bxa5 Rd7
30.Bc3 Ra8 31.a5 Ra6 32.Rd1 Kf7 33.b4 Rb7 34.e5 f5 35.e6+ Ke7 36.Rde1 g6
37.Re5 Rd6 38.b5 Bc2 39.Bb4  1-0

[Event "Cappelle op"]
[Site "Cappelle la Grande"]
[Date "1993.??.??"]
[Round "9"]
[White "Collas, Didier"]
[Black "Klarenbeek, Hans"]
[Result "1/2-1/2"]
[WhiteElo "2250"]
[BlackElo "2415"]

1.d4 Nf6 2.c4 e6 3.Nc3 Bb4 4.Qc2 O-O 5.Nf3 d6 6.Bg5 Nbd7 7.e3 b6 8.Be2 Bb7
9.a3 Bxc3+ 10.Qxc3 Re8 11.Qc2 h6 12.Bxf6 Nxf6 13.O-O Be4 14.Qc3 Qe7 15.Nd2 Bb7
16.Bf3 c6 17.Ne4 Nxe4 18.Bxe4 Qh4 19.Bf3 e5 20.dxe5 dxe5 21.c5 e4 22.Be2 Qe7
23.Rac1 Rad8 24.cxb6 axb6 25.Rfd1 Rxd1+ 26.Rxd1 Rd8 27.Rxd8+ Qxd8 28.b4 Qd5
29.h3 Kf8 30.Bc4 Qd1+ 31.Kh2 Qd6+ 32.Kg1 Qd1+ 33.Kh2 Qd6+ 34.Kg1 c5 35.bxc5 Qxc5
36.Qb4 Qxb4 37.axb4 Ke7 38.Kf1 f6 39.Ke2 Kd6 40.Kd2 Ke5 41.Kc3 g5 42.Be2 Bc8
43.Bh5 Be6 44.Be8 f5 45.g3 f4 46.gxf4+ gxf4 47.h4 f3  1/2-1/2

[Event "JUG-chT"]
[Site "Cetinje"]
[Date "1993.??.??"]
[Round "?"]
[White "Prudnikova, Svetlana"]
[Black "Litinskaya, Marta I"]
[Result "0-1"]
[WhiteElo "2385"]
[BlackElo "2305"]

1.d4 Nf6 2.c4 e6 3.Nc3 Bb4 4.Qc2 O-O 5.a3 Bxc3+ 6.Qxc3 b6 7.Bg5 Bb7 8.f3 c5
9.dxc5 bxc5 10.e3 Nc6 11.Nh3 h6 12.Bh4 g5 13.Bf2 d5 14.O-O-O a5 15.Be2 a4
16.g4 Qe7 17.Nxg5 hxg5 18.h4 d4 19.exd4 Nxd4 20.Bxd4 cxd4 21.Qd2 Nh7 22.Bd3 Bxf3
23.Bxh7+ Kxh7 24.Qd3+ Kg7 25.Qxf3 gxh4 26.Rxd4 Qg5+ 27.Kb1 Rad8 28.Qf2 Rxd4
29.Qxd4+ Qf6 30.Qd1 Rb8 31.Rh2 Qe5 32.Re2 Qf4 33.c5 Rc8 34.Rc2 Qe3 35.c6 Qe4
36.Qd7 h3 37.Qd2 Kg6 38.Ka1 Rxc6 39.Rxc6 Qxc6 40.Qd3+ Kg5 41.Qxh3 Qc1+ 42.Ka2 Qc4+
43.Kb1 Qxg4 44.Qe3+ Qf4 45.Qg1+ Kf6 46.Kc2 Qc4+ 47.Kd2 e5 48.Qg8 Qd5+ 49.Kc2 e4
50.Qh8+ Ke7 51.Qh4+ f6 52.Qh7+ Kd6 53.Qh2+ Qe5 54.Qh8 Qc5+ 55.Kd2 Qd4+ 56.Kc2 e3
57.Qb8+ Kd5 58.Qg8+ Ke5 59.Qg3+ Qf4 60.Qg8 Qe4+ 61.Kc1 e2 62.Qb8+ Kf5  0-1

[Event "JUG-chT"]
[Site "Cetinje"]
[Date "1993.??.??"]
[Round "?"]
[White "Savic, Miodrag"]
[Black "Milanovic, Danilo"]
[Result "0-1"]
[WhiteElo "2215"]
[BlackElo "2325"]

1.d4 Nf6 2.c4 e6 3.Nc3 Bb4 4.Qc2 O-O 5.a3 Bxc3+ 6.Qxc3 b5 7.cxb5 c6 8.Bg5 cxb5
9.e3 Bb7 10.Nf3 Nc6 11.Bd3 Rc8 12.Qd2 Na5 13.Bxf6 gxf6 14.Qe2 Nb3 15.Rd1 Nc1
16.Qd2 Nxd3+ 17.Qxd3 b4 18.O-O Qb6 19.Qb3 a5 20.axb4 Bd5 21.Qa4 axb4 22.Qxd7 Rc7
23.Qa4 Ra8  0-1

[Event "Ceuta"]
[Site "Ceuta"]
[Date "1993.??.??"]
[Round "2"]
[White "Gomez Esteban, Juan Mario"]
[Black "Lalic, Bogdan"]
[Result "1-0"]
[WhiteElo "2450"]
[BlackElo "2520"]

1.d4 Nf6 2.c4 e6 3.Nc3 Bb4 4.Qc2 O-O 5.a3 Bxc3+ 6.Qxc3 Qe8 7.f3 d6 8.e4 e5
9.Be3 Nfd7 10.Ne2 c5 11.d5 a5 12.b3 Nb6 13.g4 Bd7 14.Ng3 Nc8 15.a4 Qd8 16.Nf5 Na6
17.h4 Nc7 18.Ra2 Ne8 19.Rg2 Qb6 20.Kf2 Kh8 21.Bd3 Qd8 22.h5 f6 23.g5 Ne7
24.Nh4 f5 25.exf5 Bxf5 26.Bxf5 Nxf5 27.Ng6+ Kg8 28.Nxf8 Kxf8 29.f4 b6 30.fxe5 dxe5
31.Qxe5 Ned6 32.Bf4 Ra7 33.h6 Re7 34.hxg7+ Kg8 35.Rxh7 Nxg7 36.Rxg7+ Rxg7
37.Qxd6 Rd7 38.Qe6+ Rf7 39.g6  1-0

[Event "Cherepovets"]
[Site "Cherepovets"]
[Date "1993.??.??"]
[Round "?"]
[White "Mitenkov, Alexey"]
[Black "Tunik, Gennady"]
[Result "1-0"]
[WhiteElo "2420"]
[BlackElo "2465"]

1.d4 Nf6 2.c4 e6 3.Nc3 Bb4 4.Qc2 O-O 5.a3 Bxc3+ 6.Qxc3 b6 7.b4 Bb7 8.Bb2 d6
9.f3 a5 10.b5 Nbd7 11.e4 e5 12.Bd3 exd4 13.Qxd4 Nc5 14.Bc2 c6 15.O-O-O cxb5
16.cxb5 Ne8 17.a4 Rc8 18.Kb1 Ne6 19.Qd3 Qh4 20.Ne2 Nc5 21.Qe3 Rd8 22.Nd4 Bc8
23.Nc6 Rd7 24.g3 Qh3 25.g4 Nc7 26.Rhg1 N7e6 27.Rd5 Qxh2 28.Rh5 Qf4 29.Qc3 Bb7
30.Bc1 Qf6 31.e5 dxe5 32.Bxh7+ Kh8 33.Bc2+ Kg8 34.g5 Nxa4 35.Qa3 Qg6 36.Ne7+ Rxe7
37.Bxg6 fxg6 38.Qxe7 Nec5  1-0

[Event "CZE Tschechien-ch"]
[Site "?"]
[Date "1993.??.??"]
[Round "3"]
[White "Pilar, Miloslav"]
[Black "Chloupek, Stanislav"]
[Result "1-0"]
[WhiteElo "2270"]
[BlackElo "2295"]

1.d4 Nf6 2.c4 e6 3.Nc3 Bb4 4.Qc2 O-O 5.a3 Bxc3+ 6.Qxc3 b6 7.Bg5 Bb7 8.f3 h6
9.Bh4 d5 10.e3 Nbd7 11.cxd5 exd5 12.Nh3 Re8 13.Be2 c5 14.O-O Qe7 15.Bf2 Rac8
16.b4 c4 17.b5 a6 18.bxa6 Bc6 19.a4 Ra8 20.Rfe1 Rxa6 21.e4 Rxa4 22.Rxa4 Bxa4
23.exd5 Qd6 24.Bg3 Qxd5 25.Bxc4 Rxe1+ 26.Bxe1 Qc6 27.Nf4 Bb5 28.Bb3 Qxc3
29.Bxc3 g5 30.Ng6 Bd3 31.Ne7+ Kg7 32.Kf2 b5 33.Ke3 Bf1 34.g4 Nb6 35.d5 Bc4
36.Bxc4 Nxc4+ 37.Kd3 Nd6 38.Nf5+ Nxf5 39.gxf5 b4 40.Be5  1-0

[Event "CZE Tschechien-ch"]
[Site "?"]
[Date "1993.??.??"]
[Round "7"]
[White "Hajek, J."]
[Black "Chloupek, Stanislav"]
[Result "1/2-1/2"]
[WhiteElo "2190"]
[BlackElo "2295"]

1.d4 Nf6 2.c4 e6 3.Nc3 Bb4 4.Qc2 O-O 5.Bg5 c5 6.e3 cxd4 7.exd4 h6 8.Bh4 b6
9.Be2 Bb7 10.Nf3 Be7 11.O-O d5 12.Bxf6 Bxf6 13.cxd5 exd5 14.Rac1 Nc6 15.Rfd1 Qd6
16.Qf5 Ne7 17.Qh5 a6 18.Bd3 b5 19.Ne2 Bc8 20.h3 Be6 21.g4 Rac8 22.Ne5 Rxc1
23.Rxc1 g6 24.Qxh6 Bxe5 25.dxe5 Qxe5 26.Qf4 Qxf4 27.Nxf4 Rc8 28.Re1 Rc6 29.Nxe6 fxe6
30.f4 Kf7 31.Kg2 Kf6 32.h4 b4 33.Kf3 a5  1/2-1/2

[Event "Dortmund op-A"]
[Site "Dortmund"]
[Date "1993.??.??"]
[Round "2"]
[White "Schoen, Wolfram"]
[Black "Smagin, Sergey"]
[Result "1-0"]
[WhiteElo "2360"]
[BlackElo "2520"]

1.d4 Nf6 2.c4 e6 3.Nc3 Bb4 4.Qc2 O-O 5.a3 Bxc3+ 6.Qxc3 b6 7.Bg5 c5 8.dxc5 bxc5
9.e3 h6 10.Bh4 Nc6 11.Bd3 Ba6 12.Nf3 Qa5 13.Bxf6 gxf6 14.b4 cxb4 15.Qxf6 bxa3+
16.Kf1 Nb4 17.h4 Nxd3 18.Rh3 Qc7 19.Qxh6 Bxc4 20.Kg1 f6 21.Ng5 d5 22.Rg3 Nxf2
23.Ne4+ Qxg3 24.Nxg3 Ne4 25.Qg6+ Kh8 26.Nh5  1-0

[Event "Eger op"]
[Site "Eger"]
[Date "1993.??.??"]
[Round "2"]
[White "Schroter, Tamas"]
[Black "Tengely, Szabolcs"]
[Result "1-0"]
[WhiteElo "2335"]
[BlackElo "2210"]

1.d4 Nf6 2.c4 e6 3.Nc3 Bb4 4.Qc2 O-O 5.a3 Bxc3+ 6.Qxc3 b5 7.cxb5 c6 8.e3 cxb5
9.Bxb5 Bb7 10.f3 Nh5 11.Nh3 Qh4+ 12.Nf2 Rc8 13.Qb3 Qg5 14.Bf1 Rc7 15.Bd2 Bd5
16.Qd3 Bc4 17.Qc3 d5 18.b3 Bxf1 19.Qxc7 Ba6 20.e4 Qh4 21.g3 Qf6 22.e5  1-0

[Event "Eger op"]
[Site "Eger"]
[Date "1993.??.??"]
[Round "4"]
[White "Sleisz, Tamas"]
[Black "Mochalov, Evgeny V"]
[Result "0-1"]
[WhiteElo "2215"]
[BlackElo "2420"]

1.d4 Nf6 2.c4 e6 3.Nc3 Bb4 4.Qc2 O-O 5.a3 Bxc3+ 6.Qxc3 b6 7.Bg5 c5 8.e3 d6
9.Bd3 Nbd7 10.Ne2 Ba6 11.Rc1 Rc8 12.Qd2 Re8 13.Ng3 cxd4 14.exd4 d5 15.b3 h6
16.Be3 dxc4 17.bxc4 e5 18.O-O exd4 19.Bxd4 Nc5 20.Bxc5 Rxc5 21.Rfd1 Qc7 22.Nf5 Ng4
23.Nd6 Re6 24.Be2 Rc6 25.Bxg4 Rcxd6 26.Qc2 Re5 27.Rxd6 Qxd6 28.Rd1 g6 29.Qc3 Qc5
30.Rd8+ Kh7 31.h3 h5 32.Bf3 Qa5 33.Qd4 Qc5 34.Qf4 Qc7 35.Kh2 Bxc4 36.g3 Qxd8
37.Qxe5 Be6 38.Be4 Qd2 39.Qxh5+ Kg8 40.Qf3 Qd4 41.Qe2 Bc4 42.Qc2 b5 43.f4 Qa1
44.f5 Qxa3 45.fxg6 Qa2 46.gxf7+ Bxf7 47.Kg1 Qxc2 48.Bxc2 a5 49.Kf2 a4 50.Ke3 a3
51.Bb1 a2 52.Bxa2 Bxa2 53.Kd3 Be6 54.h4 b4 55.g4 Kg7 56.Kc2 Kf6 57.Kb2 Ke5
58.h5 Kd4 59.h6 Bg8 60.g5 Bh7  0-1

[Event "Elenite op"]
[Site "Elenite"]
[Date "1993.??.??"]
[Round "3"]
[White "Chakov, Plamen"]
[Black "Spassov, Liuben"]
[Result "1/2-1/2"]
[WhiteElo "2330"]
[BlackElo "2430"]

1.d4 Nf6 2.c4 e6 3.Nc3 Bb4 4.Qc2 O-O 5.a3 Bxc3+ 6.Qxc3 b6 7.Bg5 Bb7 8.f3 c5
9.dxc5 bxc5 10.e3 a5 11.Nh3 d6 12.O-O-O Ra6 13.Be2 Nbd7 14.Rd2 Qc7 15.Rhd1 Rb8
16.Bf4 e5 17.Bg5 a4 18.Bd3 e4 19.Bc2 exf3 20.gxf3 Bxf3 21.Rg1 Kf8 22.Rf2 Ne5
23.Bxf6 gxf6 24.Rg3 Qb7 25.e4 Bxe4 26.Rxf6 Rb6 27.Rxd6 Rxb2 28.Bxa4 Rb1+
29.Kd2 Qe7 30.Rd7 Qf6 31.Ra7 R8b2+ 32.Ke3 Re1+ 33.Qxe1 Nxc4+ 34.Kxe4 Qe5+
35.Kf3 Qf5+ 36.Nf4 Ne5+ 37.Qxe5 Qxe5 38.Ra8+ Rb8 39.Rxb8+ Qxb8 40.Bc6 c4
41.Be4 Qb3+ 42.Kg4 c3 43.Nd5 Qd1+ 44.Rf3 c2 45.Bxc2 Qxc2 46.h3 Qd1 47.Nf4 Qg1+
48.Kf5 h6 49.Ke4 Qe1+ 50.Kf5 Qa5+ 51.Ke4 f5+ 52.Kd4 Qa4+ 53.Ke3 Qxa3+ 54.Kf2 Qb2+
55.Ne2 Qc2 56.Kf1 Qe4 57.Kf2 Kf7 58.Ng3 Qc2+ 59.Kf1 Qd1+ 60.Kg2 Qd2+ 61.Rf2 Qd5+
62.Kg1 Kg6 63.Nxf5 Qxf5 64.Rxf5 Kxf5  1/2-1/2

[Event "Elgoibar"]
[Site "Elgoibar"]
[Date "1993.??.??"]
[Round "4"]
[White "Etchegaray, Patrice"]
[Black "Suba, Mihai"]
[Result "1/2-1/2"]
[WhiteElo "2410"]
[BlackElo "2500"]

1.d4 Nf6 2.c4 e6 3.Nc3 Bb4 4.Qc2 O-O 5.a3 Bxc3+ 6.Qxc3 b6 7.Bg5 Bb7 8.e3 c5
9.dxc5 bxc5 10.f3 a5 11.Nh3 d6 12.Be2 Nbd7 13.O-O a4 14.Rfd1 Ra6 15.Nf2 Qc7
16.Rd2 Rb8 17.Qc2 h6 18.Bh4 Ba8 19.Nd1 Bc6 20.Nc3 Rab6 21.Rb1 Rb3 22.Bg3 e5
23.Bd3 Re8 24.Rbd1 Nb6 25.Ne4 Nxe4 26.Bxe4 Bxe4 27.Qxe4 Re6 28.Bf2 g6 29.Qc2 Qc6
30.e4 Nc8 31.Rd3 Rb6 32.Be1 Kh7 33.Bc3 Ne7 34.R1d2 Rb3 35.Qd1 Nc8 36.Rc2 Qa6
37.Be1 Re7 38.Rxb3 axb3 39.Rc3 Rb7 40.Qd3 Qa4 41.Bd2 g5 42.h4 f6 43.Qd5 Qd7
44.Qd3 Qa4 45.Qd5 Qd7 46.Qd3  1/2-1/2

[Event "Farum op"]
[Site "Farum"]
[Date "1993.??.??"]
[Round "4"]
[White "Baburin, Alexander"]
[Black "Danielsen, Henrik"]
[Result "1-0"]
[WhiteElo "2530"]
[BlackElo "2445"]

1.d4 Nf6 2.c4 e6 3.Nc3 Bb4 4.Qc2 O-O 5.Nf3 c5 6.e3 b6 7.Be2 Bb7 8.O-O Bxc3
9.Qxc3 d6 10.b3 Nbd7 11.Bb2 Ne4 12.Qc2 Qe7 13.Rad1 f5 14.Nd2 Qg5 15.f4 Qg6
16.Bf3 Rad8 17.Nxe4 fxe4 18.Be2 cxd4 19.Bxd4 e5 20.fxe5 dxe5 21.Rxf8+ Rxf8
22.Bc3 Qg5 23.Rxd7 Bc8 24.Rd1 Qxe3+ 25.Kh1 Rf2 26.Rd8+ Kf7 27.Rxc8 Rxe2 28.Qd1  1-0

[Event "FIN-chT"]
[Site "FIN"]
[Date "1993.??.??"]
[Round "?"]
[White "Tyni, Jukka Pekka"]
[Black "Raaste, Eero J"]
[Result "1/2-1/2"]
[WhiteElo "2265"]
[BlackElo "2345"]

1.d4 Nf6 2.c4 e6 3.Nc3 Bb4 4.Qc2 O-O 5.a3 Bxc3+ 6.Qxc3 b5 7.cxb5 c6 8.f3 Nd5
9.Qc2 Qh4+ 10.g3 Qxd4 11.e4 Nb6 12.Qf2 Qxf2+ 13.Kxf2 cxb5 14.Bxb5 d5 15.exd5 Nxd5
16.Ne2 Ba6 17.Bxa6 Nxa6 18.Be3 Nxe3  1/2-1/2

[Event "FIN-chT"]
[Site "FIN"]
[Date "1993.??.??"]
[Round "?"]
[White "Tyni, Jukka Pekka"]
[Black "Kanko, Ilkka"]
[Result "1/2-1/2"]
[WhiteElo "2265"]
[BlackElo "2330"]

1.d4 Nf6 2.c4 e6 3.Nc3 Bb4 4.Qc2 O-O 5.a3 Bxc3+ 6.Qxc3 d6 7.Bg5 h6 8.Bh4 Re8
9.Nf3 Qe7 10.e3 e5 11.dxe5 dxe5 12.Be2 Nbd7 13.b4 Nf8 14.O-O Ng6 15.Bxf6  1/2-1/2

[Event "Florida Valle op"]
[Site "Florida Valle"]
[Date "1993.??.??"]
[Round "3"]
[White "Burijovich, Liliana"]
[Black "Bronstein, Luis"]
[Result "1/2-1/2"]
[WhiteElo "2205"]
[BlackElo "2425"]

1.d4 Nf6 2.c4 e6 3.Nc3 Bb4 4.Qc2 O-O 5.a3 Bxc3+ 6.Qxc3 b6 7.Bg5 Bb7 8.f3 h6
9.Bh4 d5 10.cxd5 exd5 11.e3 Re8 12.Nh3 c5 13.Bb5 Bc6 14.Be2 Ne4 15.Bxd8 Nxc3  1/2-1/2

[Event "FRA"]
[Site "FRA"]
[Date "1993.??.??"]
[Round "?"]
[White "Laclau, Daniel"]
[Black "Roos, Celine"]
[Result "1-0"]
[WhiteElo "2240"]
[BlackElo "2180"]

1.d4 Nf6 2.c4 e6 3.Nc3 Bb4 4.Qc2 O-O 5.a3 Bxc3+ 6.Qxc3 d6 7.Nf3 Ne4 8.Qc2 f5
9.g3 Nd7 10.Bg2 Ndf6 11.O-O Qe8 12.Nd2 Nxd2 13.Bxd2 Qh5 14.Ba5 c6 15.Bb4 Rd8
16.Rad1 Qf7 17.f3 a5 18.Be1 b6 19.a4 Ba6 20.Bf2 d5 21.b3 Rac8 22.Rd2 Re8
23.Rc1 Qh5 24.Qc3 g5 25.c5 g4 26.cxb6 gxf3 27.exf3 Bb7 28.Qxa5 Re7 29.Re1 f4
30.Rde2 Rce8 31.Qd2 Nd7 32.Qxf4 Nxb6 33.Re5 Qf7 34.Rg5+ Kf8 35.Qh4 Qf6 36.Rg8+  1-0

[Event "FRA"]
[Site "FRA"]
[Date "1993.??.??"]
[Round "?"]
[White "Flear, Glenn C"]
[Black "De Sousa, Jose"]
[Result "1-0"]
[WhiteElo "2510"]
[BlackElo "2275"]

1.d4 e6 2.c4 Nf6 3.Nc3 Bb4 4.Qc2 O-O 5.a3 Bxc3+ 6.Qxc3 b6 7.Bg5 c5 8.dxc5 bxc5
9.e3 h6 10.Bh4 a5 11.Bd3 Bb7 12.f3 d6 13.Ne2 Nbd7 14.O-O Qb6 15.Rad1 d5 16.Kh1 Rfe8
17.Rfe1 Rac8 18.Qc1 Ba6 19.Bg3 Qb3 20.Qc3 Qxc3 21.Nxc3 dxc4 22.Bc2 Nb8 23.Ba4 Red8
24.Rxd8+ Rxd8 25.Bc7 Rc8 26.Bxa5 Nc6 27.Bxc6 Rxc6 28.Rd1 Kf8 29.Kg1 Ke8 30.Kf2 Nd7
31.f4 Ke7 32.e4 f6 33.Rd2 Rd6 34.Bd8+ Kxd8 35.Rxd6  1-0

[Event "FRA"]
[Site "FRA"]
[Date "1993.??.??"]
[Round "?"]
[White "Elbilia, Jacques"]
[Black "Lejeune, Jean Pierre"]
[Result "1-0"]
[WhiteElo "2310"]
[BlackElo "2350"]

1.d4 Nf6 2.c4 e6 3.Nc3 Bb4 4.Qc2 O-O 5.a3 Bxc3+ 6.Qxc3 b6 7.Nf3 Bb7 8.g3 c5
9.dxc5 bxc5 10.Bg2 a5 11.b3 Qe7 12.O-O d6 13.Rd1 Nbd7 14.Rb1 Rfb8 15.a4 Ra6
16.Ne1 Bxg2 17.Kxg2 Ne5 18.Nc2 Rab6 19.f3 Ned7 20.Na3 d5 21.Nb5 d4 22.Qxa5 e5
23.e4 dxe3 24.Bxe3 e4 25.f4 Ng4 26.Qe1 h5 27.h3 Nh6 28.Rd5 Rg6 29.Rxh5 f5
30.Rd1 Nf6 31.Rg5 Kh7 32.Qe2 Qb7 33.Rd2 Nf7 34.Rxf5 Qc8 35.Rxc5 Qe8 36.g4  1-0

[Event "FRA"]
[Site "FRA"]
[Date "1993.??.??"]
[Round "?"]
[White "Touzane, Olivier"]
[Black "Lejeune, Jean Pierre"]
[Result "1-0"]
[WhiteElo "2200"]
[BlackElo "2350"]

1.d4 Nf6 2.c4 e6 3.Nc3 Bb4 4.Qc2 O-O 5.a3 Bxc3+ 6.Qxc3 b6 7.Bg5 Bb7 8.f3 d5
9.e3 Nbd7 10.cxd5 exd5 11.Bd3 h6 12.Bh4 Re8 13.Ne2 Qe7 14.Bf2 c5 15.O-O Rac8
16.Qd2 Nf8 17.Rae1 Ne6 18.Ng3 c4 19.Nf5 Qf8 20.Bg3 Red8 21.Bb1 c3 22.bxc3 Ba6
23.Rf2 Qxa3 24.e4 dxe4 25.fxe4 Ng4 26.Rf3 Ng5 27.Bh4 Nxf3+ 28.gxf3 Ne5 29.Qg2 Ng6
30.e5 Qxc3 31.e6 Bd3 32.exf7+ Kh7 33.Re6 Qc1+ 34.Be1 Qg5 35.Qxg5 hxg5 36.Bxd3 Nf4
37.Ne7+ g6 38.Bxg6+ Kh8 39.Rc6 Rxc6 40.Nxc6 Rf8 41.Ne5 Kg7 42.Be4 a5 43.Kf2 Rd8
44.Bc3 Rc8 45.Bb2 b5 46.Kg3 b4 47.d5 Ne2+ 48.Kg4 Nc3 49.d6 Rd8 50.d7 a4 51.Kxg5 a3
52.Ba1 Nxe4+ 53.fxe4 b3 54.Bd4 b2  1-0

[Event "Arnold Cup"]
[Site "Gausdal"]
[Date "1993.??.??"]
[Round "4"]
[White "Stefansson, Hannes"]
[Black "Emms, John M"]
[Result "1-0"]
[WhiteElo "2495"]
[BlackElo "2450"]

1.d4 Nf6 2.c4 e6 3.Nc3 Bb4 4.Qc2 O-O 5.a3 Bxc3+ 6.Qxc3 b6 7.Bg5 Bb7 8.f3 h6
9.Bh4 d5 10.cxd5 exd5 11.e3 Re8 12.Be2 Nbd7 13.Nh3 Qe7 14.Bf2 c5 15.O-O cxd4
16.Qxd4 Nc5 17.Rad1 Rac8 18.Rfe1 Bc6 19.b4 Ne6 20.Qb2 Ba4 21.Rd2 b5 22.Nf4 Nxf4
23.exf4 Qc7 24.g3 Re6 25.Bd4 Rc6 26.Bd3 a6 27.Kg2 Rc1 28.Rde2 Rxe1 29.Rxe1 Qc6
30.Bf5 Re8 31.Be5 Qc4 32.Rc1 Qb3 33.Qxb3 Bxb3 34.Rc6 Rd8 35.Bd4 Ne8 36.Bb6 Ra8
37.Bc8 Nd6 38.Bd7 Nc4 39.Bf2 Nxa3 40.Rc3  1-0